000 02290cam a2200529 a 4500
001 9063
003 FISKH
005 20251118140630.0
008 920921s1993 njua j 001 0beng
010 _a 92034939
020 _a0816728313 (lib. bdg.) :
_c$10.79
020 _a0816728321 (pbk.) :
020 _a051487003503
020 _a9780816728312
020 _a9780816728329
035 _a2033061
040 _aDLC
_cDLC
_dDLC
_beng
050 0 0 _aF334.M753
_bP3825 1993
082 0 0 _a323/.092
_aB
_220
100 1 _aBrandt, Keith,
_d1949-
245 1 0 _aRosa Parks :
_bfight for freedom /
_cby Keith Brandt ; illustrated by Gershom Griffith.
260 _aNew York :
_bTroll Associates,
_c1993.
300 _a48 pages :
_bcolor illustrations ;
_c23 cm
336 _atext
_btxt
_2rdacontent
337 _aunmediated
_bn
_2rdamedia
338 _avolume
_bnc
_2rdacarrier
500 _aIncludes index.
520 _aA biography of the woman whose actions led to the desegregation of buses in Montgomery, Alabama, in the 1960s and who was an important figure in the early days of the civil rights movement.
600 1 0 _aParks, Rosa,
_d1913-2005
_vJuvenile literature.
600 1 1 _aParks, Rosa,
_d1913-2005.
650 0 _aAfrican Americans
_zAlabama
_zMontgomery
_vBiography
_vJuvenile literature.
650 0 _aCivil rights workers
_zAlabama
_zMontgomery
_vBiography
_vJuvenile literature.
650 0 _aAfrican Americans
_xCivil rights
_zAlabama
_zMontgomery
_vJuvenile literature.
650 0 _aSegregation in transportation
_zAlabama
_zMontgomery
_xHistory
_y20th century
_vJuvenile literature.
650 1 _aAfrican Americans
_vBiography.
650 1 _aAfrican Americans
_xCivil rights.
650 1 _aWomen
_vBiography.
651 0 _aMontgomery (Ala.)
_vBiography
_vJuvenile literature.
651 0 _aMontgomery (Ala.)
_xRace relations
_vJuvenile literature.
655 7 _aLiterature.
_2lcgft
_0https://id.loc.gov/authorities/genreForms/gf2014026415
655 7 _aBiographies.
_2lcgft
_0https://id.loc.gov/authorities/genreForms/gf2014026049
655 7 _aBiographies.
_2lcgft
_0https://id.loc.gov/authorities/genreForms/gf2014026049
700 1 _aGriffith, Gershom,
_eillustrator
906 _a7
_bcbc
_corignew
_d1
_eocip
_f19
_gy-gencatlg
942 _2ddc
_cBK
_n0
999 _c9063
_d9063